000 00463cam a2200193ua 4500
001 7742
008 141222n ii |||gr||||Z||||||ben
040 _cMAIN
041 _aben
082 _a891.443
100 _aBhattacharya, N.,
_eAuthor.
245 1 _aKayedi
_cBy Nimai Bhattacharya
250 _a1st.
260 _aKolkatta:
_bDey,
_c1988.
300 _a193p.
653 _aEast Indo-European & Celtic literatures
653 _aBengali novels
942 _cBK
999 _c6863
_d6863